Which flag gets added? - Statistics

General Stats
  • This quiz has been taken 85 times
  • The average score is 9 of 10
Answer Stats
Picture Answer % Correct
Canada
100%
France
97%
Japan
97%
Mexico
97%
Albania
92%
Belarus
90%
Bangladesh
89%
United States
85%
Bahrain
84%
Greenland
70%
No matching quizzes found
Score Distribution
Percent of People with Each Score
Percentile by Number Answered
Your Score History
You have not taken this quiz